[Event "Budapest Spring op 22nd"]
[Site "Budapest"]
[Date "2006.03.31"]
[Round "9"]
[White "Labahn, Wolfgang"]
[Black "Duong, The Anh"]
[Result "0-1"]
[WhiteElo "2171"]
[BlackElo "2287"]
[PlyCount "60"]
[EventDate "2006.03.23"]
[EventType "swiss"]
[EventRounds "9"]
[EventCountry "HUN"]
[SourceTitle "CBM 111 Extra"]
[Source "ChessBase"]
[SourceDate "2006.05.09"]
[SourceVersion "1"]
[SourceVersionDate "2006.05.09"]
[SourceQuality "1"]

1. d4 d5 2. c4 c6 3. Nc3 Nf6 4. cxd5 cxd5 5. f3 e6 6. Bg5 h6 7. Bh4 Nc6 8. e3 Qb6 9. Rb1 Be7 10. Bd3 Bd7 11. a3 Rc8 12. Nge2 Na5 13. 0-0 0-0 14. h3 Nc4 15. Bxc4 Rxc4 16. Bf2 Rfc8 17. e4 a5 18. g4 dxe4 19. fxe4 Nh7 20. Nf4 Qc7 21. Nce2 Bb5 22. Qb3 Qd7 23. Rfe1 Ng5 24. Ng3 a4 25. Qd1 Rc2 26. h4 Rd2 27. hxg5 Rxd1 28. Rbxd1 Bxg5 29. Nh3 Bh4 30. Rd2 Bd8 0-1

[Event "Budapest Spring op 22nd"]
[Site "Budapest"]
[Date "2006.03.30"]
[Round "8"]
[White "Labahn, Wolfgang"]
[Black "Mizsei, Janos"]
[Result "1-0"]
[WhiteElo "2171"]
[BlackElo "2157"]
[PlyCount "69"]
[EventDate "2006.03.23"]
[EventType "swiss"]
[EventRounds "9"]
[EventCountry "HUN"]
[SourceTitle "CBM 111 Extra"]
[Source "ChessBase"]
[SourceDate "2006.05.09"]
[SourceVersion "1"]
[SourceVersionDate "2006.05.09"]
[SourceQuality "1"]

1. d4 Nf6 2. c4 g6 3. Nc3 d5 4. cxd5 Nxd5 5. e4 Nxc3 6. bxc3 c5 7. Bc4 Bg7 8. Ne2 Nc6 9. Be3 0-0 10. Rc1 Na5 11. Bd3 Nc6 12. Bc4 Na5 13. Bd3 Nc6 14. d5 Ne5 15. Bxc5 Nxd3+ 16. Qxd3 f5 17. Ng3 b6 18. Bd4 e5 19. dxe6 Bxe6 20. exf5 gxf5 21. 0-0 f4 22. Ne2 f3 23. Ng3 fxg2 24. Rfe1 Bxa2 25. Nf5 Bxd4 26. cxd4 Qg5 27. Ne7+ Kh8 28. d5 Qf6 29. Rc2 Rfe8 30. d6 Be6 31. d7 Qxe7 32. dxe8Q+ Rxe8 33. Rce2 Qf7 34. Qd6 Bd7 35. Qxd7 1-0

[Event "Oberliga Nord N 0405"]
[Site "Germany"]
[Date "2005.01.16"]
[Round "5.5"]
[White "Labahn, Wolfgang"]
[Black "Jeske, Eckhard"]
[Result "0-1"]
[WhiteElo "2179"]
[BlackElo "2270"]
[PlyCount "50"]
[EventDate "2004.10.24"]
[EventType "team-tourn"]
[EventRounds "9"]
[EventCountry "GER"]
[SourceTitle "EXT 2006"]
[Source "ChessBase"]
[SourceDate "2005.11.24"]
[SourceVersion "1"]
[SourceVersionDate "2005.11.24"]
[SourceQuality "1"]
[WhiteTeam "Grosshansdorf"]
[BlackTeam "Rostock Polizei"]
[WhiteTeamCountry "GER"]
[BlackTeamCountry "GER"]

1. d4 Nf6 2. c4 c6 3. Nc3 d5 4. cxd5 cxd5 5. f3 Nc6 6. Bg5 e6 7. e3 Be7 8. Bd3 0-0 9. Nge2 Ne8 10. Bxe7 Qxe7 11. Qd2 b6 12. 0-0 Nb4 13. e4 Nc7 14. e5 Nxd3 15. Qxd3 Ba6 16. Qe3 Nb5 17. f4 Nxc3 18. bxc3 Rac8 19. f5 exf5 20. Ng3 g6 21. Rxf5 f6 22. Rf3 fxe5 23. dxe5 Rxf3 24. gxf3 Qc5 25. Rc1 Qxe3+ 0-1

[Event "Oberliga Nord N 0405"]
[Site "Germany"]
[Date "2004.11.28"]
[Round "3.5"]
[White "Labahn, Wolfgang"]
[Black "Petrosian, Suren"]
[Result "0-1"]
[WhiteElo "2179"]
[BlackElo "2393"]
[PlyCount "92"]
[EventDate "2004.10.24"]
[EventType "team-tourn"]
[EventRounds "9"]
[EventCountry "GER"]
[SourceTitle "EXT 2006"]
[Source "ChessBase"]
[SourceDate "2005.11.24"]
[SourceVersion "1"]
[SourceVersionDate "2005.11.24"]
[SourceQuality "1"]
[WhiteTeam "Grosshansdorf"]
[BlackTeam "Norderstedt"]
[WhiteTeamCountry "GER"]
[BlackTeamCountry "GER"]

1. d4 Nf6 2. c4 g6 3. Nc3 Bg7 4. e4 d6 5. Bd3 c5 6. d5 0-0 7. Nge2 e6 8. 0-0 exd5 9. cxd5 Na6 10. f3 Bd7 11. Be3 Re8 12. Qd2 Rb8 13. Nb5 Qe7 14. Nec3 Bxb5 15. Bxb5 Nd7 16. Rab1 Nc7 17. Be2 b5 18. Rfe1 b4 19. Nd1 Nb5 20. Bxb5 Rxb5 21. Nf2 Ra5 22. a3 Rb8 23. Rec1 Qd8 24. Bg5 Bf6 25. Bxf6 Qxf6 26. axb4 Rxb4 27. Rc4 Rxc4 28. Qxa5 Rc2 29. Ng4 Qd4+ 30. Kh1 Qxb2 31. Qa1 Qxa1 32. Rxa1 c4 33. Kg1 c3 34. Ra3 Nc5 35. Ne3 Rc1+ 36. Kf2 a5 37. Ke2 a4 38. e5 dxe5 39. d6 Kf8 40. Nd5 c2 41. Rc3 Rd1 42. Rxc5 Rxd5 43. Rc8+ Kg7 44. Rxc2 Rxd6 45. Ra2 Ra6 46. Ra3 Kf6 0-1

[Event "Oberliga Nord N 0405"]
[Site "Germany"]
[Date "2004.11.14"]
[Round "2.5"]
[White "Fransson, Jens"]
[Black "Labahn, Wolfgang"]
[Result "1/2-1/2"]
[WhiteElo "2223"]
[BlackElo "2179"]
[PlyCount "33"]
[EventDate "2004.10.24"]
[EventType "team-tourn"]
[EventRounds "9"]
[EventCountry "GER"]
[SourceTitle "EXT 2006"]
[Source "ChessBase"]
[SourceDate "2005.11.24"]
[SourceVersion "1"]
[SourceVersionDate "2005.11.24"]
[SourceQuality "1"]
[WhiteTeam "Hamburg SV 1934"]
[BlackTeam "Grosshansdorf"]
[WhiteTeamCountry "GER"]
[BlackTeamCountry "GER"]

1. e4 c5 2. Nf3 e6 3. Nc3 Nc6 4. Bb5 Nd4 5. a4 Nxf3+ 6. Qxf3 Bd6 7. d3 Ne7 8. 0-0 0-0 9. Qh5 Nc6 10. f4 f5 11. Be3 b6 12. Bxc6 dxc6 13. Rad1 Ba6 14. Rf2 Qe8 15. Qh3 Rd8 16. Kh1 c4 17. dxc4 1/2-1/2

[Event "Oberliga Nord N 0405"]
[Site "Germany"]
[Date "2004.10.24"]
[Round "1.5"]
[White "Labahn, Wolfgang"]
[Black "Nonnenmacher, Thomas"]
[Result "0-1"]
[WhiteElo "2179"]
[BlackElo "2215"]
[PlyCount "86"]
[EventDate "2004.10.24"]
[EventType "team-tourn"]
[EventRounds "9"]
[EventCountry "GER"]
[SourceTitle "EXT 2006"]
[Source "ChessBase"]
[SourceDate "2005.11.24"]
[SourceVersion "1"]
[SourceVersionDate "2005.11.24"]
[SourceQuality "1"]
[WhiteTeam "Grosshansdorf"]
[BlackTeam "Pinneberg"]
[WhiteTeamCountry "GER"]
[BlackTeamCountry "GER"]

1. d4 Nf6 2. c4 c5 3. d5 e6 4. Nc3 exd5 5. cxd5 d6 6. e4 g6 7. Bd3 Bg7 8. Nge2 0-0 9. 0-0 a6 10. a4 Nbd7 11. Ng3 Rb8 12. h3 Qc7 13. Rb1 c4 14. Be2 b5 15. axb5 axb5 16. b4 Nh5 17. Bxh5 Bxc3 18. Bg4 Bg7 19. f4 Nb6 20. f5 Qe7 21. Qf3 Nd7 22. Qf2 Nf6 23. Bg5 h6 24. fxg6 hxg5 25. Bxc8 Rbxc8 26. Nf5 Qd8 27. e5 dxe5 28. gxf7+ Rxf7 29. d6 Qd7 30. Qe3 Qa7 31. Qxa7 Rxa7 32. Ra1 Rca8 33. Ne7+ Kh7 34. Rad1 Rd7 35. Rf5 Rad8 36. Rxe5 Ng8 37. Red5 c3 38. Nf5 Bf6 39. Rc1 Nh6 40. Rxb5 Nxf5 41. Rxf5 Rxd6 42. Kf1 Rd1+ 43. Rxd1 Rxd1+ 0-1

[Event "Canarias en Red prel 3rd"]
[Site "Playchess.com INT"]
[Date "2004.05.05"]
[Round "12"]
[White "Labahn, Wolfgang"]
[Black "Berndt, Joachim"]
[Result "0-1"]
[WhiteElo "2207"]
[BlackElo "2165"]
[PlyCount "110"]
[EventDate "2004.05.05"]
[EventType "swiss (blitz)"]
[EventRounds "13"]
[EventCountry "GER"]
[SourceTitle "EXT 2005"]
[Source "ChessBase"]
[SourceDate "2004.11.15"]
[SourceVersion "1"]
[SourceVersionDate "2004.11.15"]
[SourceQuality "1"]

1. d4 Nf6 2. c4 e5 3. dxe5 Ng4 4. Nf3 Bc5 5. e3 Nc6 6. a3 a5 7. Bd2 Ngxe5 8. Bc3 d6 9. Nxe5 Nxe5 10. Bxe5 dxe5 11. Qxd8+ Kxd8 12. Nc3 c6 13. 0-0-0+ Kc7 14. Bd3 Be6 15. Rhe1 f5 16. Na4 Ba7 17. c5 Rad8 18. Kc2 Rd7 19. Kc3 Rhd8 20. Bc2 Rxd1 21. Rxd1 Rxd1 22. Bxd1 Bd5 23. Bc2 g6 24. f3 Kd7 25. b4 axb4+ 26. axb4 Ke7 27. Bb3 Ke6 28. e4 Bxb3 29. Kxb3 fxe4 30. fxe4 Kf6 31. Nc3 Kg5 32. Ne2 h5 33. Kc4 h4 34. Ng1 Kf4 35. Nf3 g5 36. Nd2 Ke3 37. Kc3 g4 38. Nc4+ Kxe4 39. Nd6+ Kf4 40. Nxb7 e4 41. Kd2 h3 42. gxh3 Kf3 43. Ke1 gxh3 44. Na5 Bb8 45. Nxc6 Bxh2 46. Nd4+ Kf4 47. Kf1 Ke3 48. Ne2 Be5 49. Nc1 Kd2 50. Nb3+ Kc2 51. Na5 h2 52. Kg2 e3 53. Nc4 e2 54. Ne3+ Kd3 55. Kf2 h1Q 0-1

[Event "Oberliga Nord N 0304"]
[Site "Germany"]
[Date "2004.03.07"]
[Round "7.2"]
[White "Prosch, Carsten"]
[Black "Labahn, Wolfgang"]
[Result "1-0"]
[WhiteElo "2236"]
[BlackElo "2214"]
[PlyCount "84"]
[EventDate "2003.10.12"]
[EventType "team-tourn"]
[EventRounds "9"]
[EventCountry "GER"]
[SourceTitle "EXT 2005"]
[Source "ChessBase"]
[SourceDate "2004.11.15"]
[SourceVersion "1"]
[SourceVersionDate "2004.11.15"]
[SourceQuality "1"]
[WhiteTeam "Schwerin"]
[BlackTeam "Grosshansdorf"]
[WhiteTeamCountry "GER"]
[BlackTeamCountry "GER"]

1. Nf3 d5 2. g3 g6 3. Bg2 Bg7 4. d4 Nf6 5. 0-0 0-0 6. c4 c6 7. cxd5 Nxd5 8. h3 Nd7 9. e4 N5b6 10. Bf4 Nf6 11. Nc3 Be6 12. b3 h6 13. Rc1 Kh7 14. Qc2 Rc8 15. g4 Ne8 16. Rcd1 Nd6 17. g5 h5 18. Be5 f6 19. gxf6 exf6 20. Rfe1 Nf7 21. Bg3 Qd7 22. Kh2 Bh6 23. Nh4 Nh8 24. f4 Rg8 25. f5 gxf5 26. exf5 Bf7 27. Ne4 Nd5 28. Qc5 Rxg3 29. Kxg3 Qc7+ 30. Kf2 Qf4+ 31. Nf3 Rg8 32. Qd6 Qxf5 33. Bf1 Bf4 34. Qc5 h4 35. Neg5+ Kg7 36. Bd3 Bg3+ 37. Kf1 Qf4 38. Re4 Ne3+ 39. Ke2 Qc7 40. Rxe3 fxg5 41. Qxg5+ Kf8 42. Qh6+ Rg7 1-0

[Event "Oberliga Nord N 0304"]
[Site "Germany"]
[Date "2003.12.14"]
[Round "4.3"]
[White "Von Buelow, Georg"]
[Black "Labahn, Wolfgang"]
[Result "0-1"]
[WhiteElo "2339"]
[BlackElo "2214"]
[PlyCount "66"]
[EventDate "2003.10.12"]
[EventType "team-tourn"]
[EventRounds "9"]
[EventCountry "GER"]
[SourceTitle "EXT 2005"]
[Source "ChessBase"]
[SourceDate "2004.11.15"]
[SourceVersion "1"]
[SourceVersionDate "2004.11.15"]
[SourceQuality "1"]
[WhiteTeam "Hamburg Koenigsspringer"]
[BlackTeam "Grosshansdorf"]
[WhiteTeamCountry "GER"]
[BlackTeamCountry "GER"]

1. e4 d5 2. exd5 Qxd5 3. Nc3 Qa5 4. d4 e5 5. Nf3 Bg4 6. Bc4 Nf6 7. h3 Bxf3 8. Qxf3 Nc6 9. 0-0 0-0-0 10. dxe5 Qxe5 11. Bxf7 Bd6 12. g3 Qe7 13. Bb3 Rhf8 14. Bg5 Nd4 15. Qe3 Qe5 16. Rad1 Nf3+ 17. Qxf3 Qxg5 18. Kg2 h5 19. h4 Qg6 20. Qe3 a6 21. Qa7 Nd7 22. Nd5 Qe4+ 23. f3 Qe5 24. Qf2 g5 25. f4 gxf4 26. Nxf4 Qxb2 27. Qd4 Qxd4 28. Rxd4 Rde8 29. Bd5 Re3 30. Re4 Rc3 31. Bb3 Nf6 32. Ne2 Nxe4 33. Rxf8+ Bxf8 0-1

[Event "Kiel op-A 16th"]
[Site "Kiel"]
[Date "2003.07.30"]
[Round "7.15"]
[White "Labahn, Wolfgang"]
[Black "Feuerstack, Aljoscha"]
[Result "1/2-1/2"]
[WhiteElo "2214"]
[BlackElo "2142"]
[PlyCount "70"]
[EventDate "2003.07.??"]
[EventType "swiss"]
[EventRounds "9"]
[EventCountry "GER"]
[SourceTitle "CBM 095 Extra"]
[Source "ChessBase"]
[SourceDate "2003.09.04"]
[SourceVersion "1"]
[SourceVersionDate "2003.09.04"]
[SourceQuality "1"]

1. d4 Nf6 2. c4 c5 3. d5 b5 4. cxb5 a6 5. f3 e6 6. e4 exd5 7. exd5 d6 8. Nc3 Be7 9. Bc4 0-0 10. Nge2 Nbd7 11. 0-0 Nb6 12. b3 axb5 13. Nxb5 Ba6 14. Nec3 Nfd7 15. f4 Bf6 16. Bb2 Nxc4 17. bxc4 Qa5 18. Rb1 Rfb8 19. Ne4 Bxb2 20. Rxb2 Bxb5 21. cxb5 c4 22. a4 f5 23. Ng3 c3 24. Rc2 g6 25. Rf3 Qxa4 26. Rfxc3 Nc5 27. Rc4 Qxb5 28. h3 Qb6 29. Kh2 Ra3 30. Qe1 Rd3 31. Re2 Qb5 32. Rb4 Qxb4 33. Re8+ Rxe8 34. Qxe8+ Kg7 35. Qe7+ Kg8 1/2-1/2

[Event "Hamburg HSK Elo op 3rd"]
[Site "Hamburg"]
[Date "2002.05.10"]
[Round "4"]
[White "Rubach, Ingo"]
[Black "Labahn, Wolfgang"]
[Result "1-0"]
[WhiteElo "2143"]
[BlackElo "2234"]
[PlyCount "77"]
[EventDate "2002.05.09"]
[EventType "swiss"]
[EventRounds "7"]
[EventCountry "GER"]
[SourceTitle "CBM 088 Extra"]
[Source "ChessBase"]
[SourceDate "2002.07.01"]
[SourceVersion "2"]
[SourceVersionDate "2002.07.01"]
[SourceQuality "1"]

1. e4 c5 2. d4 cxd4 3. c3 dxc3 4. Nxc3 d6 5. Bc4 Nc6 6. Nf3 e6 7. 0-0 Nf6 8. Qe2 a6 9. Rd1 Qc7 10. Bf4 Be7 11. e5 dxe5 12. Nxe5 Qb6 13. Bb3 Nxe5 14. Bxe5 Bd7 15. Bxf6 gxf6 16. Rac1 Rg8 17. Rxd7 Kxd7 18. Ba4+ Kd8 19. Ne4 Rc8 20. Qd3+ Bd6 21. Rd1 Kc7 22. Nxd6 Rcd8 23. Qxh7 Rgf8 24. Nxf7 Rxd1+ 25. Bxd1 Qd4 26. Ne5+ Kd6 27. Nd3 Rc8 28. g3 Rc7 29. Qg6 f5 30. Be2 Rc2 31. Qe8 Qf6 32. Bf1 e5 33. Qa4 Rc7 34. Qb4+ Kd7 35. Bh3 b5 36. Qe4 Ke6 37. Bxf5+ Qxf5 38. Nf4+ Kf6 39. Nd5+ 1-0

[Event "Wichern op 6th"]
[Site "Hamburg"]
[Date "2001.10.19"]
[Round "7.8"]
[White "Mollah Abdullah, Al Rakib"]
[Black "Labahn, Wolfgang"]
[Result "1-0"]
[WhiteElo "2397"]
[BlackElo "2211"]
[PlyCount "59"]
[EventDate "2001.10.21"]
[EventType "swiss"]
[EventRounds "9"]
[EventCountry "GER"]
[SourceTitle "EXT 2002"]
[Source "ChessBase"]
[SourceDate "2001.11.25"]
[SourceVersion "1"]
[SourceVersionDate "2001.11.25"]
[SourceQuality "1"]

1. d4 Nf6 2. c4 g6 3. Nc3 Bg7 4. Nf3 0-0 5. Bg5 h6 6. Bh4 c5 7. d5 Qa5 8. Nd2 d6 9. e3 a6 10. a4 g5 11. Bg3 Bf5 12. Ra3 Nbd7 13. Be2 Ne4 14. Ndxe4 Bxe4 15. 0-0 Bg6 16. f4 f5 17. Bd3 Rf7 18. Qc2 Raf8 19. Be1 Qc7 20. g4 h5 21. gxh5 Bxh5 22. fxg5 Ne5 23. Be2 Ng4 24. Nd1 f4 25. exf4 Rxf4 26. Rxf4 Rxf4 27. Rh3 Bd4+ 28. Kg2 Bf7 29. Bg3 Rf2+ 30. Bxf2 1-0

[Event "Wichern op 6th"]
[Site "Hamburg"]
[Date "2001.10.17"]
[Round "5.25"]
[White "Labahn, Wolfgang"]
[Black "Fey, Franziska"]
[Result "1-0"]
[WhiteElo "2211"]
[BlackElo "2055"]
[PlyCount "65"]
[EventDate "2001.10.21"]
[EventType "swiss"]
[EventRounds "9"]
[EventCountry "GER"]
[SourceTitle "EXT 2002"]
[Source "ChessBase"]
[SourceDate "2001.11.25"]
[SourceVersion "1"]
[SourceVersionDate "2001.11.25"]
[SourceQuality "1"]

1. d4 Nf6 2. c4 g6 3. Nc3 Bg7 4. e4 d6 5. f3 0-0 6. Be3 e5 7. Nge2 c6 8. Qd2 Be6 9. b3 Na6 10. g3 Nh5 11. d5 cxd5 12. cxd5 Bd7 13. g4 Nf4 14. Nxf4 exf4 15. Bxf4 Qa5 16. Rc1 Rfc8 17. Bc4 Bxc3 18. Rxc3 b5 19. Qd4 Nb4 20. Kf1 Qd8 21. Bh6 f6 22. Be2 Nxa2 23. Rxc8 Rxc8 24. h4 Nc1 25. Bd1 Kf7 26. g5 a5 27. h5 Qe7 28. hxg6+ hxg6 29. Bg7 Qe5 30. Qa7 Qe8 31. Bxf6 Ra8 32. Rh7+ Kf8 33. Qxa8 1-0

[Event "Wichern op 6th"]
[Site "Hamburg"]
[Date "2001.10.15"]
[Round "3.29"]
[White "Labahn, Wolfgang"]
[Black "You, Long"]
[Result "1-0"]
[WhiteElo "2211"]
[BlackElo "2078"]
[PlyCount "89"]
[EventDate "2001.10.21"]
[EventType "swiss"]
[EventRounds "9"]
[EventCountry "GER"]
[SourceTitle "EXT 2002"]
[Source "ChessBase"]
[SourceDate "2001.11.25"]
[SourceVersion "1"]
[SourceVersionDate "2001.11.25"]
[SourceQuality "1"]

1. d4 Nf6 2. c4 e6 3. Nc3 c5 4. d5 exd5 5. cxd5 d6 6. e4 g6 7. Bd3 Bg7 8. Nge2 0-0 9. 0-0 Re8 10. Ng3 a6 11. a4 Ng4 12. h3 Ne5 13. f4 Qh4 14. fxe5 Bxh3 15. Qf3 Nd7 16. Nh5 Nxe5 17. Qxh3 Qxh3 18. gxh3 Nxd3 19. Nf6+ Bxf6 20. Rxf6 Rad8 21. Bf4 Kg7 22. Bg5 h6 23. Rf3 hxg5 24. Rxd3 f5 25. Re1 Kf6 26. a5 Re7 27. Rde3 Rde8 28. Na4 f4 29. R3e2 Rh7 30. Rh2 Reh8 31. e5+ Ke7 32. Nb6 dxe5 33. Rxe5+ Kf6 34. Rhe2 g4 35. Re6+ Kg5 36. R2e5+ Kh4 37. Rxg6 Kxh3 38. Kf2 f3 39. Reg5 Re7 40. Rxg4 Re2+ 41. Kxf3 Rxb2 42. Rg3+ Kh2 43. Rg2+ Rxg2 44. Rxg2+ Kh3 45. Rg7 1-0